بریده جراید = (Record no. 9622)
[ view plain ]
| 000 -LEADER | |
|---|---|
| fixed length control field | 00872cam a22002537a 4500 |
| 003 - CONTROL NUMBER IDENTIFIER | |
| control field | AE-DuALZ |
| 005 - DATE AND TIME OF LATEST TRANSACTION | |
| control field | 20250326161120.0 |
| 008 - FIXED-LENGTH DATA ELEMENTS--GENERAL INFORMATION | |
| fixed length control field | 010921s2014 ir akf g c 000 0 per d |
| 040 ## - CATALOGING SOURCE | |
| Original cataloging agency | AE-ALZAD |
| Transcribing agency | AE-ALZAD |
| 041 0# - LANGUAGE CODE | |
| Language code of text/sound track or separate title | per |
| -- | eng |
| 043 ## - GEOGRAPHIC AREA CODE | |
| Geographic area code | a-ir--- |
| 050 14 - LIBRARY OF CONGRESS CALL NUMBER | |
| Classification number | NA1489.D5 |
| Item number | A4 2014 |
| 100 1# - MAIN ENTRY--PERSONAL NAME | |
| Personal name | دیبا، كامران. |
| 9 (RLIN) | 19924 |
| 245 10 - TITLE STATEMENT | |
| Title | بریده جراید = |
| Remainder of title | Kamran Diba : News Clippings / |
| Statement of responsibility, etc. | کامران دیبا. |
| 260 ## - PUBLICATION, DISTRIBUTION, ETC. | |
| Place of publication, distribution, etc. | تهران : |
| Name of publisher, distributor, etc. | گالری آران، |
| Date of publication, distribution, etc. | 2014. |
| 300 ## - PHYSICAL DESCRIPTION | |
| Extent | 35 p. : |
| Other physical details | ill., plats, forms ; |
| Dimensions | 28.5 cm. |
| 546 ## - LANGUAGE NOTE | |
| Language note | Text In Persian and English. |
| 590 ## - LOCAL NOTE (RLIN) | |
| Local note | LB-AJLLC-8771 |
| 600 10 - SUBJECT ADDED ENTRY--PERSONAL NAME | |
| Personal name | Diba, Kamran |
| Form subdivision | Exhibitions. |
| 9 (RLIN) | 5908 |
| 650 #0 - SUBJECT ADDED ENTRY--TOPICAL TERM | |
| Topical term or geographic name entry element | Architecture |
| Geographic subdivision | Iran |
| General subdivision | History |
| Chronological subdivision | 20th century |
| General subdivision | Designs and plans. |
| 650 #0 - SUBJECT ADDED ENTRY--TOPICAL TERM | |
| Topical term or geographic name entry element | Architecture |
| Geographic subdivision | Iran |
| Form subdivision | Exhibitions. |
| 710 2# - ADDED ENTRY--CORPORATE NAME | |
| Corporate name or jurisdiction name as entry element | (تهران، إيران) گالری آران |
| 942 ## - ADDED ENTRY ELEMENTS (KOHA) | |
| Source of classification or shelving scheme | Library of Congress Classification |
| Koha item type | Books |
| Withdrawn status | Lost status | Source of classification or shelving scheme | Damaged status | Not for loan | Home library | Current library | Shelving location | Date acquired | Total Checkouts | Full call number | Date last seen | Copy number | Price effective from | Koha item type |
|---|---|---|---|---|---|---|---|---|---|---|---|---|---|---|
| Library of Congress Classification | Jameel Library | Jameel Library | General Stacks | 02/25/2025 | NA1489.D5 A4 2014 | 02/25/2025 | C. 1 | 02/25/2025 | Books |